Los dueños de América Latina / (Registro nro. 7435)
[ vista simple ]
| 000 -LEADER | |
|---|---|
| fixed length control field | 01888nam a22002777a 4500 |
| 003 - CONTROL NUMBER IDENTIFIER | |
| control field | OSt |
| 005 - DATE AND TIME OF LATEST TRANSACTION | |
| control field | 20210303160512.0 |
| 008 - FIXED-LENGTH DATA ELEMENTS--GENERAL INFORMATION | |
| fixed length control field | 210303s2003 mx ao||gr|||| 00| 0cspa d |
| 020 ## - INTERNATIONAL STANDARD BOOK NUMBER | |
| International Standard Book Number | 9707100745 |
| 040 ## - CATALOGING SOURCE | |
| Original cataloging agency | CO-JMCR |
| Transcribing agency | CO-JMCR |
| 041 0# - LANGUAGE CODE | |
| Language code of text/sound track or separate title | spa |
| 082 04 - DEWEY DECIMAL CLASSIFICATION NUMBER | |
| Classification number | 923.3 / |
| Item number | R457d |
| Edition number | 23 |
| 100 1# - MAIN ENTRY--PERSONAL NAME | |
| Personal name | Reyes, Gerardo, |
| Relator term | coordinador |
| 9 (RLIN) | 14333 |
| 245 14 - TITLE STATEMENT | |
| Title | Los dueños de América Latina / |
| Statement of responsibility, etc. | Gerardo Reyes |
| 250 ## - EDITION STATEMENT | |
| Edition statement | 1° edición |
| 260 ## - PUBLICATION, DISTRIBUTION, ETC. | |
| Place of publication, distribution, etc. | México : |
| Name of publisher, distributor, etc. | Ediciones B, |
| Date of publication, distribution, etc. | 2003 |
| 300 ## - PHYSICAL DESCRIPTION | |
| Extent | 328 páginas : |
| Other physical details | ilustraciones, fotografías a blanco y negro ; |
| Dimensions | 23 cm. |
| 500 ## - GENERAL NOTE | |
| General note | "Cómo amasaron sus fortunas los personajes más ricos e influyentes de la región"--Tapa<br/>Incluye datos biográficos del coordinador. |
| 520 3# - SUMMARY, ETC. | |
| Summary, etc. | Gracias a la colaboración de un grupo de reconocidos periodistas, encabezados por Gerardo Reyes, fue posible la realización de este álbum con los perfiles de los hombres y mujeres que influyen en la vida de millones de personas en América Latina. Los empresarios que presentamos a continuación han sido, en los últimos diez años, las personas más ricas e influyentes de la región. Este libro cuenta la manera como amasaron y han hecho crecer sus fortunas.<br/>Carlos Slim Helú, Lorenzo Mendoza, Gustavo Cisneros, Moises y Joseph Safra, Jerónimo Arango, Antonio Ermírio de Morales, Aloysio de Andrade Faria, Lorenzoi Zambrano, Gregorio Pérez Companc, Anacleto Angelini, Julio Bozano, Luis Carlos Sarmiento, Ricardo Salinas Pliego, Robero Rocca, Emilio Azcárraga Jean, Roberto Rocca. Julio Mario Santo Domingo, Amalia Lacroze, Álvaro Noboa |
| 650 14 - SUBJECT ADDED ENTRY--TOPICAL TERM | |
| Topical term or geographic name entry element | Empresarios industriales |
| Form subdivision | biografías |
| Geographic subdivision | América Latina |
| 9 (RLIN) | 14334 |
| 650 24 - SUBJECT ADDED ENTRY--TOPICAL TERM | |
| Topical term or geographic name entry element | Banqueros |
| Form subdivision | biografías |
| Geographic subdivision | América Latina |
| 9 (RLIN) | 14335 |
| 650 24 - SUBJECT ADDED ENTRY--TOPICAL TERM | |
| Topical term or geographic name entry element | Industriales |
| Form subdivision | biografías |
| Geographic subdivision | América Latina |
| 9 (RLIN) | 14336 |
| 650 24 - SUBJECT ADDED ENTRY--TOPICAL TERM | |
| Topical term or geographic name entry element | Millonarios |
| 9 (RLIN) | 14337 |
| 650 24 - SUBJECT ADDED ENTRY--TOPICAL TERM | |
| Topical term or geographic name entry element | Capitalistas |
| 9 (RLIN) | 14338 |
| 942 ## - ADDED ENTRY ELEMENTS (KOHA) | |
| Source of classification or shelving scheme | Dewey Decimal Classification |
| Koha item type | Books |
| Withdrawn status | Lost status | Source of classification or shelving scheme | Damaged status | Not for loan | Collection code | Home library | Current library | Date acquired | Source of acquisition | Total Checkouts | Full call number | Barcode | Date last seen | Date last checked out | Copy number | Price effective from | Koha item type |
|---|---|---|---|---|---|---|---|---|---|---|---|---|---|---|---|---|---|
| Dewey Decimal Classification | Non-fiction | Biblioteca Pública José María del Castillo y Rada | Biblioteca Pública José María del Castillo y Rada | 02/25/2021 | Donación | 2 | 923.3 / R457d | 201810636 | 05/16/2024 | 10/19/2023 | Ej.1 | 03/03/2021 | Books |